000 00477nam a2200181Ia 4500
005 20250117013829.0
008 240331s9999 xx 000 0 und d
020 _a8178241625
082 _bPAN
_a929
100 _aPandian, M.S.S
245 0 _aBrahmin and non-Brahmin :
_bgenologies of the tamil political present
260 _aNew Delhi
_bPermanent black
_c2007
300 _axi, 274 p .,
650 _aPolitics
650 _aColonial
650 _aGenealogies
942 _cL
999 _c4424
_d4424